Znani polscy sportowcy - Statystyki

Ogólne statystyki
  • Ten quiz został rozwiązany 78 razy
  • Średni wynik to 25 z 75
Statystyki odpowiedzi
Sport Sportowcy % Poprawnych
Marcin Lewandowski
100%
Piłka nożna(mężczyźni) Robert Lewandowski
100%
Tenis Iga Świątek
92%
Adam Małysz
88%
Skoki narciarskie Kamil Stoch
88%
Piotr Żyła
83%
Wojciech Szczęsny
83%
Siatkówka Bartosz Kurek
78%
Jakub Błaszczykowski
75%
Zbigniew Boniek
75%
Dawid Kubacki
73%
Wilfriedo Leon
70%
Maciej Kot
69%
Grzegorz Lato
66%
Strongman Mariusz Pudzianowski
61%
Hubert Hurkacz
59%
Sporty motorowe Robert Kubica
59%
Koszykówka Marcin Gortat
58%
Agnieszka Radwańska
56%
Piłka nożna Ewa Pajor
56%
Jerzy Dudek
56%
Kazimierz Deyna
56%
Paulina Dudek
56%
Bartosz Zmarzlik
53%
Lekkoatletyka, sporty na igrzyskach olimpijskich(kobiety) Anita Włodarczyk
50%
Łukasz Piszczek
48%
Kamil Glik
47%
Jeremy Sochan
44%
Ewa Swoboda
42%
Michał Kubiak
39%
Wojciech Fortuna
38%
Natalia Kaczmarek
36%
Lekkoatletyka, sporty na igrzyskach olimpijskich Paweł Fajdek
36%
Tomasz Fornal
34%
Włodzimierz Smolarek
30%
Irena Szewińska
28%
Michał Pazdan
28%
Stefan Hula
28%
Karol Zalewski
25%
Magda Linette
25%
Tenis Wojciech Fibak
23%
Magdalena Stysiak
20%
Justyna Święty-Ersetic
19%
Agnieszka Korneluk
17%
Robert Korzeniowski
17%
Krzysztof Hołowczyc
16%
Otylia Jędrzejczak
16%
Małgorzata Glinka-Mogentale
14%
Wojciech Nowicki
13%
Kamil Majchrzak
11%
Magdalena Fręch
11%
Skoki narciarskie Anna Twardosz
9%
Kamila Skolimowska
9%
Aleksandra Mirosław
8%
Nicole Konderla
8%
Adam Wójcik
6%
Triathlon Jerzy Górski
6%
Jerzy Wagner
5%
Kinga Rajda
5%
Szymon Ziólkowski
5%
Tomasz Sikora
5%
Iga Baumgart-Witan
3%
Kamila Karpiel
3%
Sobiesław Zasada
3%
Małgorzata Hołub-Kowalik
2%
Siatkówka Paulina Damaske
2%
Roman Biliński
2%
Zbigniew Bródka
2%
Daria Pikulik
0%
Dariusz Kowaluk
0%
Klaudia Zwolińska
0%
Magdalena Fularczyk-Kozłowska
0%
Marcin Florek
0%
DLS (xd) Patryk Betkier
0%
Szymon Kołecki
0%
Nie znaleziono quizów pasujących do podanych kryteriów
Rozkład punktacji
Procent ludzi z każdym wynikiem
Percentyl według liczby udzielonych odpowiedzi
Twoja historia wyników
Nie rozwiązałeś tego quizu